Kształty państw na literę B - Statystyki

Ogólne statystyki
  • Ten quiz został rozwiązany 69 razy
  • Średni wynik to 11 z 17
Statystyki odpowiedzi
Obrazkowy Odpowiedź % Poprawnych
Brazylia
100%
Belgia
88%
Białoruś
87%
Bahamy
77%
Bangladesz
77%
Benin
75%
Bułgaria
72%
Bośnia i Hercegowina
70%
Boliwia
67%
Botswana
65%
Belize
62%
Brunei
57%
Burkina Faso
57%
Barbados
47%
Bahrajn
42%
Bhutan
40%
Burundi
38%
Nie znaleziono quizów pasujących do podanych kryteriów
Rozkład punktacji
Procent ludzi z każdym wynikiem
Percentyl według liczby udzielonych odpowiedzi
Twoja historia wyników
Nie rozwiązałeś tego quizu